Las relaciones interpersonales en la educación
Saved in:
| Hovedforfatter: | |
|---|---|
| Format: | Bog |
| Sprog: | spansk |
| Udgivet: |
Madrid
Narcea
1977
|
| Serier: | Educación hoy. Estudios
|
| Fag: | |
| Tags: |
Tilføj Tag
Ingen Tags, Vær først til at tagge denne postø!
|
MARC
| LEADER | 00000nam a2200000 a 4500 | ||
|---|---|---|---|
| 001 | UCY7666 | ||
| 003 | CL-VaPUC | ||
| 008 | 950616e19770000SP |||||||||||||||||spa|d | ||
| 082 | 0 | 4 | |a 302.3 |b HAR |2 21 |
| 100 | 0 | |a Hargreaves, David H |e author |9 338314 | |
| 245 | 1 | 4 | |a Las relaciones interpersonales en la educación |
| 300 | |a 418 p | ||
| 942 | |c BK | ||
| 945 | |d 19950616 00:00:00 |a cmena | ||
| 260 | |a Madrid |b Narcea |c 1977 | ||
| 650 | 0 | |a Interacción social |9 307764 | |
| 650 | 0 | |a Relaciones humanas |9 307340 | |
| 650 | 0 | |a Ego |9 310449 | |
| 650 | 7 | |a GRUPOS |2 CL-VaPUC |9 336429 | |
| 650 | 7 | |a RELACIONES DOCENTE ALUMNO |2 CL-VaPUC |9 338315 | |
| 650 | 0 | |a Juventud |9 271073 | |
| 650 | 0 | |a Educación |9 258661 | |
| 583 | |a last modification |c 19950616 00:00:00 |k Rodrigo Vera | ||
| 490 | 0 | |a Educación hoy. Estudios | |
| 999 | |c 234996 |d 234994 | ||
| 952 | |0 0 |1 0 |4 0 |6 302_300000000000000_HAR_1977 |7 0 |8 A |9 242064 |a BIBEDU |b BIBEDU |d 2019-11-18 |i 1519816 |o 302.3 HAR 1977 |p 1519816 |r 2019-11-18 |w 2019-11-18 |y BK |k EDU | ||